Largest Cities in North America Beginning With 'L' - Statistics

General Stats
  • This quiz has been taken 192 times
  • The average score is 10 of 24
Answer Stats
# Population Country Answer % Correct
1 17,700,000 United States Los Angeles
99%
2 2,375,000 United States Las Vegas
88%
4 1,030,000 United States Louisville
79%
3 2,225,000 Mexico León
67%
21 175,026 Nicaragua León
67%
8 321,793 United States Lexington-Fayette
62%
14 251,462 United States Laredo
60%
5 574,238 Canada London
57%
11 292,657 United States Lincoln
56%
23 157,100 United States Lafayette (IN)
46%
16 227,316 United States Lafayette (LA)
46%
13 272,280 United States Lubbock
44%
7 461,864 United States Little Rock
42%
9 318,300 United States Lansing
41%
6 556,629 United States Lancaster
35%
12 277,915 United States Lakeland
28%
22 162,501 United States Lake Charles
14%
15 250,141 Mexico La Paz
14%
18 199,080 Honduras La Ceiba
7%
17 224,882 Dominican Republic La Romana
6%
20 175,286 Cuba Las Tunas
4%
19 199,067 United States Lorain-Elyria
4%
10 298,009 Mexico Los Mochis
4%
24 151,523 United States Leesburg-Eustis
1%
No matching quizzes found
Score Distribution
Percent of People with Each Score
Percentile by Number Answered
Your Score History
You have not taken this quiz